| 000 | 02376cam a22005177a 4500 | ||
|---|---|---|---|
| 999 |
_c529954 _d529954 |
||
| 001 | 15061700 | ||
| 003 | NUST | ||
| 005 | 20191008100702.0 | ||
| 008 | 071029s2006 dcuak b 000 0 eng d | ||
| 010 | _a 2006906642 | ||
| 020 | _a0309097746 | ||
| 020 | _a9780309097741 | ||
| 035 | _a(OCoLC)ocm84738701 | ||
| 038 | _aMSOHAIL | ||
| 040 |
_aOSU _cOSU _dIQU _dJCR _dLVB _dDLC |
||
| 042 | _alccopycat | ||
| 050 | 0 | 0 |
_aTD195.R63 _bC66 2006 |
| 082 | 0 | 0 |
_a625.77 _222 |
| 245 | 0 | 0 |
_aControl of invasive species : _ba synthesis of highway practice / _cconsultant, Marie Venner. |
| 260 |
_aWashington, D.C. : _bTransportation Research Board, National Research Council, _cc2006. |
||
| 300 |
_a115 p. : _bill., forms ; _c28 cm. |
||
| 490 | 1 |
_aNCHRP synthesis, _x0547-5570 ; _v363 |
|
| 500 | _aAt head of title: National Cooperative Highway Research Program. | ||
| 500 | _a"Research sponsored by the American Association of State Highway and Transportation Officials in Cooperation with the Federal Highway Administration." | ||
| 504 | _aIncludes bibliographical references. | ||
| 530 | _aAlso available online via the TRB website (http://trb.org/). | ||
| 650 | 0 |
_aRoads _xDesign and construction _xEnvironmental aspects _zUnited States. _920815 |
|
| 650 | 0 |
_aRoadside plants _xControl _zUnited States. _923022 |
|
| 650 | 0 |
_aVegetation management _zUnited States. _923023 |
|
| 650 | 0 |
_aInvasive plants _xControl _zUnited States. _923024 |
|
| 650 | 0 |
_aWeeds _xControl _zUnited States. _923025 |
|
| 650 | 0 |
_aTransportation _xEnvironmental aspects. _9909 |
|
| 650 | 0 |
_aRoads _xEnvironmental aspects. _922483 |
|
| 650 | 6 |
_aFlore des abords de route, Lutte contre la. _923026 |
|
| 650 | 6 |
_aPlantes envahissantes, Lutte contre les. _923027 |
|
| 650 | 6 |
_aMauvaises herbes, Lutte contre les. _923028 |
|
| 700 | 1 |
_aVenner, Marie. _923029 |
|
| 710 | 2 |
_aNational Cooperative Highway Research Program. _920864 |
|
| 710 | 2 |
_aAmerican Association of State Highway and Transportation Officials. _919553 |
|
| 710 | 1 |
_aUnited States. _bFederal Highway Administration. _920149 |
|
| 830 | 0 |
_aSynthesis of highway practice ; _v363. _923030 |
|
| 856 | 4 | 1 | _uhttp://trb.org/news/blurb%5Fdetail.asp?id=7305 |
| 906 |
_a7 _bcbc _ccopycat _d2 _eopcn _f20 _gy-gencatlg |
||
| 942 |
_2ddc _cBK |
||